00534nam a22001697a 4500003000400000008004100004082001800045100002700063245016100090260003900251300001000290502001700300650001300317650001200330650001100342650001100353OSt260504b |||||||| |||| 00| 0 eng d a635.652bC35S aChoudhary, Arun Kumar. aStudied on Effect of Nutrient, Plantdensity and Irrigation on Growth and Yield of Rajmash (Phaseolus vulgaris L.) in Bihar Plain / cby Arun Kumar Choushary a.- Pusa, Samastipurb: RAUc, 1995 a189p. bPh. D.d1995 aAgronomy aRajmash aThesis aPh. D.